000
00379nam a22001217a 4500
003
SGT
082
_a
080
_b
U59K
100
_a
खां, मोहम्मद मुस्तफा
245
_a
उर्दू हिंदी शब्दकोष
260
_b
उत्तरप्रदेश हिंदी संस्थान
_c
1959
300
_a
755
942
_2
ddc
_c
BK
999
_c
31454
_d
31454